000 00462nam a2200205Ia 4500
003 0100
008 130227s9999 xx 000 0 und d
040 _cARRUPELIB
050 _aBL1451.C58 1959
100 _aConze, Edward
245 _aBuddhism
245 _bIts essence and development
260 _aNew York
260 _bHarper & Row
260 _C1959
300 _a212p
300 _b 20cm
650 _bIgnatius of Loyola, St
942 _2lcc
_03
999 _c1171
_d1171